01133nam a2200229 a 4500008004100000020001800041050001600059100001900075245010800094250001200202260003600214300003000250350000900280650003700289650001200326700002200338995014200360995014200502999001700644952012100661952012100782100728s2008 ||||||||||||||||| || u a9780495112402 aQC 21.2 Jew aJewett, John W10aPhysics for scientists and engineers with modern physics. -- 7th ed.cJohn W. Jewett, Raymond A. Serway a7th ed. aBelmont, CAbBrooks/Cole c2008 axxxi, 1392p. [71p.]: ill. a0.00 aPHYSICS--HANDBOOKS, MANUALS, ETC 0aPHYSICS aSerway, Raymond A aSHORT LOAN BOOKSD0.00e742770FCBU-MAIN LIBRARY (Kitwe)H1I0.00jQC 21.2 JewM2UAVAILABLEWMar 21, 2012y742770ZShort Loan Collection aSHORT LOAN BOOKSD0.00e741480FCBU-MAIN LIBRARY (Kitwe)H1I0.00jQC 21.2 JewM1UAVAILABLEWAug 26, 2010y741480ZShort Loan Collection c81905d81905 00102lcc4070a001b001cShort Loan Collectiond2023-09-12l0oQC 21.2 Jewp742770r2024-03-22t1w2023-09-12y015 00102lcc4070a001b001cShort Loan Collectiond2023-09-12l0oQC 21.2 Jewp741480r2023-09-12t2w2023-09-12y015